000 00493nam a2200181Ia 4500
008 240729s9999 xx 000 0 und d
022 _a2667-2952
245 0 _aHigh-Confidence Computing
260 _aNetherlands
260 _bElsevier
650 _a Electronic computers. Computer science
650 _a Instruments and machines
650 _a Mathematics
650 _aScience
856 _uhttps://doaj.org/toc/f0ec63da9e154b879c54a9cd44a28d86
942 _2ddc
942 _cDOAJEJ
999 _c66498
_d66498
945 _a1
_bMadushi Gamage
_c1
_dMadushi Gamage